000 00589nam a2200193Ia 4500
005 20250508162043.0
008 008 250505s9999 xx 000 0 eng d
037 _aTextual
040 _aFEDL
_beng
_cFEDL
041 _aeng
_2eng
084 _a375, TAY
_qFEDL
100 _aTaylor Philip H Ed.
_9772166
245 0 _aCurriculum, school and society : An introduction to curriculum studies
260 _aWindsor, England
_bNFER Publishing Company Ltd.
300 _a273p
700 _a Tye Kenneth A Ed.
_9772167
942 _cTEXL
_h375, TAY
999 _c1374090
_d1374090